[Event "Spring Open"]
[Site "Belgrade SRB"]
[Date "2009.03.30"]
[Round "8"]
[White "Hlebec,D"]
[Black "Mitrovic,Rat"]
[Result "0-1"]
[WhiteElo "1780"]
[BlackElo "1943"]

1.d4 Nf6 2.c4 e6 3.Nf3 Bb4+ 4.Bd2 Be7 5.e3 b6 6.Be2 Bb7 7.Nc3 O-O 8.O-O c5
9.Qc2 Na6 10.a3 d5 11.cxd5 exd5 12.Qa4 Nc7 13.Rac1 a6 14.Qb3 Ne6 15.Rfd1 c4
16.Qa2 b5 17.Qb1 g6 18.Qc2 Bd6 19.Ne5 Kg7 20.f4 Ne4 21.Nxe4 dxe4 22.Rf1 f6
23.Ng4 h5 24.Nf2 f5 25.g3 a5 26.h4 Be7 27.Be1 Rc8 28.Nh3 Bd5 29.Qb1 Qb6 30.Qa1 b4
31.Rb1 Ra8 32.Bf2 Rfc8 33.Rfc1 Qd6 34.a4 b3 35.Be1 Qb6 36.Nf2 Bb4 37.Rc3 Bxc3
38.Bxc3 Qd6 39.Nd1 Nc7 40.Bd2 Ne6 41.Rc1 Rc6 42.Nc3 Nc7 43.Nxd5 Qxd5 44.Qa3 Kf7  0-1

[Event "TCh-HUN 2008-9"]
[Site "Budapest HUN"]
[Date "2009.04.05"]
[Round "10"]
[White "Farago,I"]
[Black "Medvegy,N"]
[Result "1/2-1/2"]
[WhiteElo "2489"]
[BlackElo "2355"]

1.d4 Nf6 2.c4 e6 3.Nf3 Bb4+ 4.Bd2 a5 5.g3 d5 6.Qc2 Nc6 7.a3 Be7 8.Bg2 Ne4
9.O-O a4 10.Bf4 O-O 11.Nc3 Nxc3 12.Qxc3 g5 13.Be3 Na5 14.Nd2 c6 15.f4 g4
16.Kf2 b5 17.c5 Kg7 18.Rh1 h5 19.h3 f5 20.Rh2 Bf6 21.hxg4 hxg4 22.Rah1 Kg8
23.Kf1 Ra7 24.Bf2 Rff7 25.Be1 Nc4 26.Nxc4 bxc4 27.e3 Ba6 28.Kf2 Rh7 29.Rxh7 Rxh7
30.Rxh7 Kxh7 31.Qa5 Bb5 32.Qa7+ Qe7 33.Qxe7+ Bxe7 34.Ba5 Kg6 35.Ke1 Kf7 36.Kd2 Ke8
37.Kc3 Kd7 38.Bf1 Kc8 39.Be2 Kb7 40.Bd1 Ka6 41.Kb4 Bf6 42.Bxa4 Bxa4 43.Kxa4 Be7
44.Be1 Bd8 45.Bd2 Bc7 46.b3 cxb3 47.Kxb3 Bd8  1/2-1/2

[Event "Arnold Eikrem Memorial"]
[Site "Oslo NOR"]
[Date "2009.04.08"]
[Round "5"]
[White "Elsness,F"]
[Black "Moen,A"]
[Result "1-0"]
[WhiteElo "2441"]
[BlackElo "2353"]

1.d4 Nf6 2.c4 e6 3.Nf3 Bb4+ 4.Bd2 Qe7 5.g3 Nc6 6.Nc3 Bxc3 7.Bxc3 Ne4 8.Qc2 Nxc3
9.Qxc3 O-O 10.Bg2 a5 11.O-O d6 12.d5 Nb4 13.a3 Na6 14.Qxa5 exd5 15.Qxd5 Qxe2
16.b4 Qb2 17.Qd4 Qxd4 18.Nxd4 Rd8 19.Rae1 c5 20.Nb5 Be6 21.Rxe6 fxe6 22.Bxb7 Rab8
23.Bxa6 Rb6 24.Nc7 Rd7 25.bxc5 dxc5 26.Nxe6 Ra7 27.Nxc5 Rc6 28.Bb5 Rxc5 29.a4 Kf7
30.Ra1 Ke6 31.a5 Re5 32.a6 Kd6 33.Ra3 Kc5 34.Rf3 Re1+ 35.Kg2 Ra1 36.Rf8 Ra2
37.h4 Re7 38.g4 Re6 39.g5 h6 40.Kg3 hxg5 41.hxg5 Rd6 42.Rf5+ Kd4 43.Rf7 g6
44.Rc7 Ke5 45.Rf7 Kd4 46.Kg4 Kc5 47.Rf6 Rb6 48.f3 Ra1 49.Rxb6 Kxb6 50.Be8 Kc5
51.Bxg6 Kxc4 52.Bf7+ Kd4 53.Kf4 Rxa6 54.g6 Ra7 55.Kg5 Ra5+ 56.Kf6 Ra6+ 57.Be6 Ke3
58.g7 Ra8 59.Bd5 Rd8 60.Be4 Kf4 61.Kf7 Rd7+ 62.Kg6 Rd8 63.Kh7 Kg5 64.g8=Q+ Kh5
65.Qg4+  1-0

[Event "KFP Cup"]
[Site "Frydek Mistek CZE"]
[Date "2009.04.09"]
[Round "2"]
[White "Zilka,S"]
[Black "Vlasak,Lu"]
[Result "1-0"]
[WhiteElo "2477"]
[BlackElo "2167"]

1.d4 Nf6 2.c4 e6 3.Nf3 Bb4+ 4.Bd2 c5 5.Bxb4 cxb4 6.e3 d6 7.a3 bxa3 8.Rxa3 O-O
9.Nc3 Nc6 10.Be2 e5 11.O-O Re8 12.d5 Nb4 13.Nd2 a5 14.Na2 Nxa2 15.Rxa2 Bf5
16.Qb3 Nd7 17.Rfa1 b6 18.Qa3 Qc7 19.b4 Ra7 20.e4 Bg6 21.Bd3 Rea8 22.Nb3 h6
23.f3 f6 24.Kf1 Be8 25.Ke2 Qc8 26.bxa5 bxa5 27.Qxd6 a4 28.c5 Rb8 29.c6 Rxb3
30.cxd7 Rxd7 31.Qe6+ Bf7 32.Qa6 Qxa6 33.Bxa6 Rc7 34.Bd3 Be8 35.Rc2 Rxc2+
36.Bxc2 Rb4 37.Kd2 Bb5 38.Ra3 Rd4+ 39.Ke3 Kf8 40.Rc3 Ke7 41.Rc7+ Bd7 42.Ra7 Kd6
43.f4 Rc4 44.fxe5+ fxe5 45.Kd2 g5 46.Ra5 h5 47.Kd3 Rd4+ 48.Kc3 h4 49.Bd3 Kc7
50.Ra7+ Kd6 51.h3 g4 52.hxg4 Bxg4 53.Ra6+ Ke7 54.Rh6 a3 55.Rh7+ Kd6 56.Rxh4 Bd1
57.Rh6+ Kc7 58.Rh1 Bg4 59.Ra1 Ra4 60.Bc2 Ra8 61.Kb3 Be2 62.Rxa3 Rg8 63.Kb4 Kb6
64.g3 Bb5 65.Rf3  1-0

[Event "11th European Senior Team"]
[Site "Velden AUT"]
[Date "2009.04.10"]
[Round "6"]
[White "Vink,W"]
[Black "Weber,Bernd"]
[Result "0-1"]
[WhiteElo "2014"]
[BlackElo "2143"]

1.d4 Nf6 2.Nf3 e6 3.c4 Bb4+ 4.Bd2 Qe7 5.Qc2 Bxd2+ 6.Nbxd2 d6 7.e3 O-O 8.Be2 Nbd7
9.O-O a5 10.b3 e5 11.Bd3 Re8 12.dxe5 dxe5 13.Bf5 g6 14.Bxd7 Bxd7 15.Rad1 Bc6
16.h3 Rad8 17.Nb1 Bxf3 18.gxf3 Nd7 19.Nc3 c6 20.Ne4 Nf8 21.Rxd8 Rxd8 22.Rd1 f5
23.Rxd8 Qxd8 24.Nc5 Qh4 25.Kg2 b6 26.Nd3 e4 27.Ne5 Ne6 28.fxe4 fxe4 29.f4 Qe1
30.Qxe4 Qe2+ 31.Kg3 Ng7 32.Nxg6 hxg6 33.Qxg6 Qxe3+ 34.Kg2 Qe6 35.Qg5 Qe4+
36.Kg3 Kf7 37.Kf2 Ne6 38.Qh5+ Qg6 39.Qe5 Qf6 40.Ke3 Qxe5+ 41.fxe5 Kg6 42.Ke4 Ng5+
43.Kd4 Nxh3 44.a3 Ng5 45.b4 axb4 46.axb4 Kf5  0-1

[Event "11th European Senior Team"]
[Site "Velden AUT"]
[Date "2009.04.10"]
[Round "6"]
[White "Bachmann,KH"]
[Black "Malmdin,N"]
[Result "1-0"]
[WhiteElo "2274"]
[BlackElo "2260"]

1.c4 Nf6 2.Nf3 e6 3.d4 Bb4+ 4.Bd2 c5 5.Bxb4 cxb4 6.g3 O-O 7.Bg2 d6 8.O-O Nc6
9.a3 Qb6 10.Qd2 Ne4 11.Qd3 f5 12.Nbd2 d5 13.e3 Kh8 14.Qb3 bxa3 15.Qxb6 axb6
16.bxa3 h6 17.h4 Nc3 18.h5 b5 19.cxd5 Nxd5 20.Nh4 Rd8 21.Ng6+ Kh7 22.Bxd5 Rxd5
23.Nf4 Rd8 24.Nf3 Kg8 25.Rfb1 Ra5 26.Nd3 Kf7 27.Rb3 Kf6 28.Rab1 Rd5 29.Nf4 Rd8
30.Ne2 Bd7 31.Nc3 Na7 32.Ne2 Nc6 33.Rxb5 Rxb5 34.Rxb5 Nxd4 35.Nexd4 Bxb5
36.Nxb5 Rd1+ 37.Kg2 e5 38.Nh4 f4 39.gxf4 exf4 40.e4 Rd3 41.Nf5 f3+ 42.Kg3 Ke5
43.Nfd6 Rb3 44.Kg4 b6 45.Nc4+ Kf6 46.e5+ Ke7 47.Ncd6 Kd8 48.Kf4 Rd3 49.Nc4 Rb3
50.Ncd6 Rd3 51.Ke4 Rb3 52.Nd4 Rxa3 53.Ne6+ Kd7 54.Nxg7 Rb3 55.Ndf5 Rb4+ 56.Kxf3 Rb3+
57.Kg2 Ra3 58.e6+ Kc6 59.e7 Ra8 60.e8=Q+ Rxe8 61.Nxe8  1-0

[Event "LV Abierto Mexicano"]
[Site "Toluca MEX"]
[Date "2009.04.12"]
[Round "9"]
[White "Borges Mateos,J"]
[Black "Gonzalez Zamora,J"]
[Result "1-0"]
[WhiteElo "2459"]
[BlackElo "2552"]

1.d4 Nf6 2.c4 e6 3.Nf3 Bb4+ 4.Bd2 Qe7 5.g3 Nc6 6.Bg2 Bxd2+ 7.Nbxd2 d6 8.O-O a5
9.e4 O-O 10.Qc2 e5 11.d5 Nb4 12.Qc3 Bd7 13.Rfe1 c5 14.Re2 a4 15.Ne1 Rfb8
16.a3 Na6 17.f4 Ne8 18.Nd3 f6 19.h4 b5 20.Rf2 Nac7 21.Raf1 exf4 22.gxf4 bxc4
23.Nxc4 Rb3 24.Qd2 Bb5 25.Rc1 f5 26.e5 Bxc4 27.Rxc4 Rab8 28.Nc1 R3b6 29.h5 h6
30.Re2 Nb5 31.exd6 Qxd6 32.Re6 Qf8 33.Rxb6 Rxb6 34.Qa5 Rb8 35.Nd3 Nbd6 36.Rxc5 Nf6
37.Qxa4 Nxh5 38.Qd4 Qd8 39.b4 Ra8 40.Qb2 Kh7 41.Rc6 Ne4 42.d6 Neg3 43.b5 Ra4
44.b6 Rd4 45.Bf1 Rxd6 46.Rxd6 Qxd6 47.b7 Nxf1 48.b8=Q Qxd3 49.Q8b5 Qg3+ 50.Qg2 Qe3+
51.Qf2 Qh3 52.Qfxf1 Qg3+ 53.Qg2 Qe1+ 54.Kh2 Qh4+ 55.Kg1 Qe1+ 56.Qbf1 Qe3+
57.Qgf2 Qxa3 58.Qf3 Qa7+ 59.Kh1 Nf6 60.Qg1 Qf7 61.Kg2 Ng4 62.Qb1 Qg6 63.Qb5 Qe6
64.Qbd3 Qg6 65.Qg3 Qc6+ 66.Kf1 Qc1+ 67.Ke2 Qb2+ 68.Qd2 Qb6 69.Qdd3 Qb2+ 70.Qd2 Qb6
71.Qgd3 Qe6+ 72.Kf3 Nf6 73.Q2c2 Ne4 74.Qd4 Qg6 75.Qg2 Qf7 76.Qgb2 Qg6 77.Ke2 Qa6+
78.Ke1 Qg6 79.Qe5 Qg4 80.Qbd4 Qg3+ 81.Kd1 Qb3+ 82.Kc1 Qa3+ 83.Qb2 Qe3+ 84.Kc2 Qe2+
85.Kb3 Qg4 86.Kc4 Qg6 87.Qbd4 Qa6+ 88.Kb4 Qg6 89.Qd7 Ng3 90.Kb5 Qg4 91.Qdd5 h5
92.Qee6 h4 93.Qg8+  1-0

[Event "11th European Senior Team"]
[Site "Velden AUT"]
[Date "2009.04.12"]
[Round "8"]
[White "Pushkov,N"]
[Black "Hohler,P"]
[Result "1-0"]
[WhiteElo "2499"]
[BlackElo "2207"]

1.d4 Nf6 2.c4 e6 3.Nf3 Bb4+ 4.Bd2 Qe7 5.g3 Nc6 6.Nc3 Bxc3 7.Bxc3 Ne4 8.Qc2 Nxc3
9.Qxc3 Qb4 10.Rc1 Qxc3+ 11.Rxc3 d6 12.Bg2 O-O 13.O-O e5 14.d5 Ne7 15.Nd2 b6
16.f4 exf4 17.gxf4 f5 18.Nf3 Bd7 19.Nd4 Rac8 20.Kf2 Kf7 21.a3 a6 22.Rd1 Rfd8
23.b4 c6 24.dxc6 Bxc6 25.Bxc6 Nxc6 26.Nxf5 Ke6 27.Nxg7+ Kf6 28.Nh5+ Kf5 29.Rd4 Rg8
30.Ng3+ Kg4 31.f5+ Kg5 32.h4+  1-0

[Event "11th European Senior Team"]
[Site "Velden AUT"]
[Date "2009.04.12"]
[Round "8"]
[White "Baumbach,F"]
[Black "Watzka,H"]
[Result "1/2-1/2"]
[WhiteElo "2280"]
[BlackElo "2324"]

1.d4 Nf6 2.c4 e6 3.Nf3 Bb4+ 4.Bd2 c5 5.g3 O-O 6.Bg2 d6 7.O-O Nc6 8.Bxb4 cxb4
9.a3 Qb6 10.axb4 Qxb4 11.Qc2 Bd7 12.Nbd2 Rfc8 13.Rfc1 d5 14.e3 Qe7 15.Qd3 a5
16.Qa3  1/2-1/2

[Event "XXVII Open"]
[Site "Metz FRA"]
[Date "2009.04.13"]
[Round "4"]
[White "Zubarev,Alexsander"]
[Black "Iordachescu,V"]
[Result "1/2-1/2"]
[WhiteElo "2039"]
[BlackElo "2608"]

1.d4 Nf6 2.c4 e6 3.Nf3 Bb4+ 4.Bd2 c5 5.Bxb4 cxb4 6.g3 O-O 7.Bg2 d6 8.O-O a5
9.Nbd2 Nc6 10.e4 Nd7 11.Rc1 e5 12.d5 Ncb8 13.c5 dxc5 14.Nc4 Qf6 15.Nh4 b5
16.Ne3 c4 17.Nhf5 Nc5 18.Ng4 Qd8 19.Nxe5 Bxf5 20.exf5 Qd6 21.Re1 Nbd7 22.f4 b3
23.axb3 Nxb3 24.Rc3 Nbc5 25.Rce3 Nf6 26.g4 Rad8 27.Nc6 Qxf4 28.Nxd8 Nxg4
29.Re8 Qf2+ 30.Kh1 Qh4 31.Kg1 Qf2+ 32.Kh1 Qh4 33.Kg1  1/2-1/2

[Event "CCF Easter"]
[Site "Coulsdon ENG"]
[Date "2009.04.18"]
[Round "10"]
[White "Allicock,R"]
[Black "Savage,B"]
[Result "1/2-1/2"]
[WhiteElo "2324"]
[BlackElo "2330"]

1.d4 Nf6 2.Nf3 e6 3.c4 Bb4+ 4.Bd2 Qe7 5.g3 Nc6 6.Bg2 Bxd2+ 7.Nbxd2 d6 8.O-O O-O
9.e4 e5 10.d5 Nb8 11.Ne1 a5 12.b3 c6 13.a3 Bd7 14.Nc2 Na6 15.Re1 cxd5 16.cxd5 Nc5
17.b4 Na4 18.Nc4 axb4 19.axb4 Bb5 20.N2a3 Bxc4 21.Nxc4 Nc3 22.Qd3 Rxa1 23.Rxa1 Nb5
24.Ra5 Nd4 25.f4 b5 26.fxe5 dxe5 27.d6 Qe6 28.Na3 Qxd6 29.Nc2 Rb8 30.Bf1 g6
31.Nxd4 Qxd4+ 32.Qxd4 exd4 33.Bd3 Kf8 34.Kg2 Ke7 35.Kf3 Nd7 36.Bxb5 Ne5+
37.Ke2 f6 38.h3 g5 39.Kd2 h5 40.Ra7+ Kd6 41.Ra6+ Ke7 42.Ra7+ Kf8 43.Ra5 h4
44.gxh4 gxh4 45.Kc2 Rc8+ 46.Kb2 Rc3 47.Ra3 Rxa3 48.Kxa3 Ke7 49.Kb3 Kd6 50.Kc2 Nf7
51.Kd3 Ke5 52.Bd7 Nd6 53.Bf5 Nb5 54.Bd7 Nc3 55.Bc6 Nd1 56.b5 Nb2+ 57.Kc2 Na4
58.Kd2 Kd6 59.Bd5 Nb6 60.Kd3 Kc5 61.Be6 Na4 62.Bb3 Nb6 63.Be6 Kd6 64.Bf5 Kc5
65.Be6 Na4  1/2-1/2

[Event "7th V.Nabokov Mem"]
[Site "Kyiv UKR"]
[Date "2009.04.18"]
[Round "5"]
[White "Kruppa,Y"]
[Black "Nyzhnyk,I"]
[Result "1/2-1/2"]
[WhiteElo "2566"]
[BlackElo "2499"]

1.d4 Nf6 2.c4 e6 3.Nf3 Bb4+ 4.Bd2 c5 5.Bxb4 cxb4 6.e3 O-O 7.Be2 d6 8.O-O b6
9.Qb3 a5 10.a3 Na6 11.axb4 Nxb4 12.Nc3 Bb7 13.Rfd1 Qc7 14.Ne1 Rfc8 15.Nb5 Qc6
16.Nc3 Qc7 17.Nb5 Qc6 18.Nc3 Qc7 19.Nb5 Qc6  1/2-1/2

[Event "4th Open"]
[Site "Angers FRA"]
[Date "2009.04.19"]
[Round "5"]
[White "Perez,Ale2"]
[Black "Delaitre,F"]
[Result "1-0"]
[WhiteElo "1916"]
[BlackElo "1860"]

1.d4 Nf6 2.Nf3 e6 3.c4 Bb4+ 4.Bd2 Qe7 5.Qc2 O-O 6.a3 Bxd2+ 7.Nbxd2 d6 8.g3 e5
9.dxe5 dxe5 10.Ne4 Bf5 11.Nxf6+ Qxf6 12.Qc3 Nc6 13.Bg2 Nd4 14.Nxd4 exd4 15.Qf3 Rab8
16.O-O Rfe8 17.c5 Qe5 18.b4 Be4 19.Qxe4 Qxe4 20.Bxe4 Rxe4 21.Rfe1 Rbe8 22.Rad1 f6
23.Rd3 Kf7 24.Red1 Rxe2 25.Rxd4 Re1+ 26.Kg2 Rxd1 27.Rxd1 Re7 28.Rd3 c6 29.f4 a6
30.Kf3 Ke8 31.Kg4 Re2 32.h4 g6 33.Kf3 Ra2 34.g4 Ke7 35.Re3+ Kf7 36.Rd3 Ke7
37.Re3+ Kd7 38.h5 gxh5 39.gxh5 Rh2 40.Kg4 h6 41.Kf5 Rxh5+ 42.Kxf6 Rd5 43.Re7+ Kc8
44.Re8+ Kc7 45.Re7+ Kc8 46.Re8+ Kc7 47.Re3 Rd8 48.Kg7 Rd4 49.f5 Rd7+ 50.Kxh6 Kd8
51.Re6 Rf7 52.Kg6 Rf8 53.f6 Rg8+ 54.Kf7 Rg3 55.Rd6+ Kc7 56.Ke7 Re3+ 57.Re6 Rxa3
58.f7 Rf3 59.f8=Q Rxf8 60.Kxf8 b6 61.Re7+  1-0

[Event "zt 3.5 Men"]
[Site "Beijing CHN"]
[Date "2009.04.20"]
[Round "4"]
[White "Xiu Deshun"]
[Black "Xu Jun"]
[Result "1/2-1/2"]
[WhiteElo "2422"]
[BlackElo "2498"]

1.d4 Nf6 2.c4 e6 3.Nf3 Bb4+ 4.Bd2 a5 5.Nc3 b6 6.g3 Bb7 7.Bg2 d6 8.O-O Nbd7
9.Qc2 O-O 10.Rad1 Bxc3 11.Bxc3 Be4 12.Qc1 Qb8 13.Bh3 Bxf3 14.exf3 b5 15.d5 e5
16.b3 a4 17.f4 axb3 18.fxe5 Nxe5 19.axb3 bxc4 20.bxc4 Qb3 21.Bxe5 dxe5 22.Bf5 e4
23.d6 Ra5 24.c5 cxd6 25.Rxd6 Qf3 26.Bd7 Nxd7 27.Rxd7 Qf5 28.Rc7 Qe5 29.Rc6 h6
30.Rd1 Re8 31.Qe3 Qh5 32.Rc1 Ra2 33.Re1 Rc2 34.Rc7 Qe5 35.Rxf7 Rc3 36.Qf4 Qxc5
37.Rf5 Qd4 38.h4 Rd3 39.Qg4  1/2-1/2

[Event "VI Magistral Hebraica"]
[Site "Sao Paulo BRA"]
[Date "2009.04.26"]
[Round "7"]
[White "Fier,A"]
[Black "Mekhitarian,K"]
[Result "1-0"]
[WhiteElo "2595"]
[BlackElo "2503"]

1.d4 Nf6 2.c4 e6 3.Nf3 Bb4+ 4.Bd2 c5 5.Bxb4 cxb4 6.g3 O-O 7.Bg2 d6 8.O-O a5
9.Nbd2 Qc7 10.Qc2 Nbd7 11.a3 bxa3 12.Rxa3 b6 13.Rc3 Bb7 14.d5 Nc5 15.e4 e5
16.Ne1 Rfe8 17.f4 exf4 18.gxf4 Qe7 19.Re3 Bc8 20.Nd3 Ng4 21.Rg3 Qf6 22.Nxc5 Qd4+
23.Kh1 bxc5 24.Nb3 Qf6 25.e5 dxe5 26.f5 Nh6 27.Be4 Kh8 28.Qf2 Ba6 29.Nxa5 Rab8
30.b3 Qh4 31.Qg2 Ng8 32.Nc6 Rb6 33.Rxg7 Nf6 34.Bc2 Rb7 35.Rg1 e4 36.Rg3  1-0

[Event "Heroes Day Cup Candidates"]
[Site "Bridgetown BAR"]
[Date "2009.04.28"]
[Round "2"]
[White "Brown,E"]
[Black "Halliday,L"]
[Result "1/2-1/2"]
[WhiteElo "2159"]
[BlackElo "2024"]

1.d4 Nf6 2.c4 e6 3.Nf3 Bb4+ 4.Bd2 Qe7 5.a3 Bxd2+ 6.Nbxd2 d5 7.Qc2 O-O 8.g3 c6
9.Bg2 Nbd7 10.O-O a5 11.e4 Nxe4 12.Nxe4 dxe4 13.Qxe4 Rd8 14.c5 Nf6 15.Qc2 Qc7
16.Rad1 Bd7 17.Ne5 Be8 18.Nc4 Nd5 19.Be4 h6 20.Nd6 b6 21.Bxd5 cxd5 22.Rc1 a4
23.Qe2 Ra5 24.Qe5 bxc5 25.Rxc5 Rxc5 26.dxc5  1/2-1/2

[Event "31st Banicky kahanec"]
[Site "Prievidza SVK"]
[Date "2009.05.02"]
[Round "1"]
[White "Babula,V"]
[Black "Polak,T"]
[Result "1/2-1/2"]
[WhiteElo "2584"]
[BlackElo "2508"]

1.d4 Nf6 2.c4 e6 3.Nf3 Bb4+ 4.Bd2 a5 5.g3 b6 6.Bg2 Bb7 7.O-O O-O 8.Bf4 Be7
9.Nc3 Ne4 10.Qc2 Nxc3 11.bxc3 d6 12.Ng5 Bxg5 13.Bxb7 Ra7 14.Bxg5 Qxg5 15.Be4 h6
16.Rab1 Nd7 17.Rfd1 Qe7 18.Bc6 Rc8 19.Qe4 Nb8 20.Ba4 Nd7 21.Qc6 Nb8 22.Qe4 Nd7
23.f4 Rd8 24.Qc6 Nf6 25.e4 e5 26.dxe5 dxe5 27.Rxd8+ Qxd8 28.fxe5 Qd3 29.Rf1 Qe3+
30.Kh1 Qe2 31.Rxf6 gxf6 32.Qe8+ Kg7 33.exf6+ Kxf6 34.Qh8+ Kg6 35.Qg8+ Kf6
36.Qh8+ Kg6 37.Qg8+ Kf6  1/2-1/2

[Event "TOP 16 GpA"]
[Site "Mulhouse FRA"]
[Date "2009.05.03"]
[Round "7"]
[White "Relange,E"]
[Black "Jedynak,R"]
[Result "1/2-1/2"]
[WhiteElo "2482"]
[BlackElo "2497"]

1.d4 e6 2.c4 Nf6 3.Nf3 Bb4+ 4.Bd2 a5 5.g3 d5 6.Bg2 dxc4 7.a4 Nc6 8.Bc3 Nd5
9.O-O O-O 10.e3 Rb8 11.Qe2  1/2-1/2

[Event "31st Banicky kahanec"]
[Site "Prievidza SVK"]
[Date "2009.05.08"]
[Round "6"]
[White "Polak,T"]
[Black "Babula,V"]
[Result "1/2-1/2"]
[WhiteElo "2508"]
[BlackElo "2584"]

1.d4 Nf6 2.c4 e6 3.Nf3 Bb4+ 4.Bd2 a5 5.g3 d6 6.Bg2 Nbd7 7.O-O e5 8.Be3 exd4
9.Bxd4 O-O 10.a3 Bc5 11.b3 c6 12.Nc3 Nb6 13.Qc2 Re8 14.Rfd1 Qe7 15.Bxc5 dxc5
16.a4 Bg4 17.Rd2 Nbd7 18.h3 Bxf3 19.Bxf3 h5 20.Rad1 Ne5 21.Bg2 Ng6 22.Qf5 Nf8
23.e3 g6 24.Qc2 Qe5 25.Ne2 Ne6 26.Qc3 Qxc3 27.Nxc3 Kf8 28.Kf1 Rad8 29.Rxd8 Nxd8
30.Rd3 Ne6 31.Ne2  1/2-1/2

[Event "III Open"]
[Site "La Laguna ESP"]
[Date "2009.05.10"]
[Round "9"]
[White "Skutta,B"]
[Black "Perez Felipe,M"]
[Result "1/2-1/2"]
[WhiteElo "2130"]
[BlackElo "2266"]

1.d4 Nf6 2.Nf3 e6 3.c4 Bb4+ 4.Bd2 a5 5.g3 d5 6.c5 Nc6 7.Bg2 Ne4 8.O-O Bxd2
9.Nfxd2 O-O 10.Nxe4 dxe4 11.Bxe4 Qxd4 12.Qxd4 Nxd4 13.Rd1 e5 14.Nc3 Ne6 15.Na4 f6
16.e3 g6 17.Rd2 Kf7 18.Rad1 Ke7 19.h4 Rd8 20.Rxd8 Nxd8 21.Nc3 Be6 22.Nd5+ Bxd5
23.Bxd5 a4 24.Bg8 h6 25.Bh7 g5 26.hxg5 hxg5 27.Kg2 Ra5 28.Rc1 c6 29.Bf5 Ne6
30.Rh1 Kf7 31.Rh7+ Ng7 32.Bc2 Kg8 33.Rh6 Kf7 34.Rh8 Rxc5 35.Bxa4 g4 36.b4 Rc1
37.Bb3+ Kg6 38.Rb8 b5 39.a4 bxa4 40.Bxa4 Ne6 41.Rb6 Nd8 42.Bxc6 Ne6  1/2-1/2

[Event "CICC Open"]
[Site "Calgary CAN"]
[Date "2009.05.17"]
[Round "6"]
[White "Fedorowicz,J"]
[Black "Moloney,N"]
[Result "1/2-1/2"]
[WhiteElo "2485"]
[BlackElo "2210"]

1.d4 Nf6 2.c4 e6 3.Nf3 Bb4+ 4.Bd2 Qe7 5.g3 Nc6 6.Bg2 Bxd2+ 7.Nbxd2 d6 8.O-O a5
9.e4 e5 10.d5 Nb8 11.Ne1 h5 12.h3 h4 13.g4 Nbd7 14.b3 g5 15.a3 Nf8 16.b4 Bd7
17.Nd3 Ng6 18.Re1 O-O 19.Qc2 b6 20.Qc3 c5 21.bxc5 bxc5 22.Rab1 Ra7 23.Rb6 Rfa8
24.Reb1 Ne8 25.Rb8 Bc8 26.R8b6 Rb7 27.Rxb7 Bxb7 28.Rb5 Qc7 29.Bf3 Bc8 30.Qb2 Ba6
31.Rb6 Nf8 32.Qb1 Nd7 33.Rb2 a4 34.Bd1 Qa5 35.Qc2 Nb6 36.Be2 Kf8 37.Ne1 Ra7
38.Ng2 Ra8 39.Ne3 Ng7 40.Nb1 Bc8 41.Nc3 Bd7 42.Kg2 Ke7 43.Nb5 Ne8 44.Qc1 f6
45.Bd3 Nc8 46.Qb1 Ra6 47.Nd1 Nb6 48.Ndc3 Kd8 49.Na2 Nc8 50.Qd1 Rb6 51.Nac3 Ra6
52.Bc2 Nb6 53.Qd3 Ke7 54.Rb1 Kd8 55.Nd1 Ke7 56.Ne3 Ra8 57.Qe2 Nc8 58.Kg1  1/2-1/2

[Event "18th CRO-Cup"]
[Site "Sibenik CRO"]
[Date "2009.05.21"]
[Round "2"]
[White "Franic,M"]
[Black "Hulak,K"]
[Result "1/2-1/2"]
[WhiteElo "2421"]
[BlackElo "2532"]

1.d4 Nf6 2.c4 e6 3.Nf3 Bb4+ 4.Bd2 c5 5.Bxb4 cxb4 6.g3 O-O 7.Bg2 d6 8.a3 Nc6
9.O-O Qb6 10.axb4 Qxb4 11.Qc2 Bd7 12.Rc1 Rfc8 13.Qd2 Qxd2 14.Nbxd2 b6 15.e3 h6
16.Ne1 a5 17.Nd3 Rab8 18.b3 Kf8 19.f4 Ke7 20.Bf3 Ne8 21.Kf2 Nc7 22.c5 bxc5
23.Bxc6 Bxc6 24.dxc5 Bb5 25.cxd6+ Kxd6 26.Ne5 f6 27.Nec4+ Bxc4 28.Nxc4+ Kd7
29.Nxa5 Nd5 30.Rxc8 Kxc8 31.e4 Nc7 32.Ke3 g5 33.Ra3 Kd7 34.Nc4 Rb4 35.Nd2 gxf4+
36.gxf4 f5 37.Ra4 Rb5 38.Rd4+ Kc6 39.Rd3 fxe4 40.Kxe4 Nd5 41.Nc4 h5 42.Ne5+ Kc7
43.Rg3 Kd6 44.Rf3 Rb4+ 45.Nc4+ Ke7 46.Ke5 Nf6 47.Kd4 Rb5 48.Ne3 Rb4+ 49.Kc5 Rb8
50.Nc4 Rc8+ 51.Kb5 Nd5 52.f5 Rf8 53.Kc5 Nf6 54.Ne5 Ne4+ 55.Kd4 Nd2 56.Ng6+ Kf6
57.Nxf8 Nxf3+ 58.Ke3 Nxh2 59.fxe6 Ng4+ 60.Kf4 Ke7 61.b4 Kxf8 62.b5 Nf6 63.Kf5 Ke7
64.b6 Ne8 65.b7 Nd6+ 66.Kg5  1/2-1/2

[Event "18th CRO-Cup"]
[Site "Sibenik CRO"]
[Date "2009.05.21"]
[Round "2"]
[White "Biliskov,V"]
[Black "Zelcic,R"]
[Result "0-1"]
[WhiteElo "2293"]
[BlackElo "2555"]

1.d4 Nf6 2.c4 e6 3.Nf3 Bb4+ 4.Bd2 a5 5.g3 d5 6.Bg2 dxc4 7.Qc2 Bxd2+ 8.Qxd2 O-O
9.Na3 Nc6 10.Nxc4 Qd5 11.Rc1 Rd8 12.e3 Ne4 13.Qe2 Nd6 14.O-O Qb5 15.Rfe1 Nxc4
16.Rxc4 e5 17.a4 Qb6 18.Nxe5 Nxe5 19.dxe5 Be6 20.Rcc1 c6 21.Red1 Bb3 22.Rd6 Bxa4
23.e4 Re8 24.Qc4 Qxb2 25.e6 Rxe6 26.Rxe6 Bb3  0-1

[Event "18th CRO-Cup"]
[Site "Sibenik CRO"]
[Date "2009.05.23"]
[Round "4"]
[White "Biliskov,V"]
[Black "Vidovic,M"]
[Result "1/2-1/2"]
[WhiteElo "2293"]
[BlackElo "2179"]

1.d4 Nf6 2.c4 e6 3.Nf3 Bb4+ 4.Bd2 c5 5.Bxb4 cxb4 6.g3 O-O 7.Bg2 a5 8.O-O d6
9.a3 Na6 10.axb4 axb4 11.Nbd2 Qe7 12.e4 e5 13.h3 b6 14.Re1 Bb7 15.Qb3 g6
16.Qe3 Nd7 17.Nh2 exd4 18.Qxd4 Nac5 19.Rad1 Ne6 20.Qe3 Nec5 21.f4 Ra2 22.Rb1 Re8
23.Ng4 h5 24.Nf2 Qf6 25.e5  1/2-1/2

[Event "Subic Open"]
[Site "Subic PHI"]
[Date "2009.05.27"]
[Round "4"]
[White "Nguyen Ngoc Truong Son"]
[Black "Xiu Deshun"]
[Result "0-1"]
[WhiteElo "2588"]
[BlackElo "2422"]

1.d4 Nf6 2.c4 e6 3.Nf3 Bb4+ 4.Bd2 Bxd2+ 5.Qxd2 O-O 6.Nc3 d5 7.e3 Qe7 8.cxd5 exd5
9.Bd3 c6 10.Qc2 Nbd7 11.h3 Re8 12.O-O Ne4 13.Rfe1 f5 14.Nh2 Qg5 15.f4 Qg3
16.Nf3 Re6 17.Bxe4 fxe4 18.Ne2 Qg6 19.Ne5 Qh6 20.Rf1 Nxe5 21.dxe5 Rg6 22.f5 Qxe3+
23.Kh1 Rg5 24.e6 g6 25.a4 Qd3 26.Qxd3 exd3 27.Nd4 gxf5 28.Rae1 Rg6 29.Re5 d2
30.Rd1 Bxe6 31.Rxd2 Bd7 32.Rde2 Rf6 33.a5 b6 34.b4 bxa5 35.b5 Rd8 36.bxc6 Bxc6
37.Rc2 Be8 38.Rc5 a4 39.Ra5 Bg6 40.Rxa7 f4 41.Ree7 Re8 42.Red7 Rf7 43.Rxf7 Bxf7
44.Rxa4 Bg6 45.Kg1 Re4 46.Ra8+ Kf7 47.Ra7+ Kf6 48.Ra6+ Ke7 49.Ra7+ Kd6 50.Ra6+ Kd7
51.Ra7+ Kd6 52.Ra6+ Ke7 53.Ra7+ Kf6 54.Ra6+ Kf7 55.Ra7+ Kg8 56.Ra8+ Kg7 57.Ra7+ Kh6
58.Nf3 Re2 59.Ra6 Kg7 60.Nd4 Re4 61.Ra7+ Kh6 62.Nf3 Rb4 63.Rd7 Be4 64.Rf7 Bxf3
65.gxf3 Kg6 66.Rd7 Rd4 67.Kf2 h6 68.Rd6+ Kg5 69.h4+ Kh5 70.Kg2 Rd2+ 71.Kh3 Rd3
72.Kg2 Kxh4 73.Rxh6+ Kg5 74.Rh8 Kf5 75.Rh5+ Ke6 76.Kf2 Rd2+ 77.Ke1 Ra2 78.Rg5 Rh2
79.Kf1 d4 80.Ke1 d3 81.Ra5 Re2+ 82.Kd1 Re3 83.Kd2 Rxf3 84.Rb5 Re3 85.Ra5 Kf6
86.Rd5 Re8 87.Rh5 Kg6 88.Rd5 Re7 89.Rc5 f3 90.Rc1 Kf5 91.Rc8 Kg4 92.Rg8+ Kh3
93.Rf8 Kg2 94.Rg8+ Kf1 95.Rg3 f2 96.Rg8 Ra7 97.Rg6 Ra2+ 98.Kd1 d2 99.Rg8 Ra1+
100.Kxd2 Re1 101.Rg7 Re8 102.Kd1 Rd8+ 103.Kc2 Rd5  0-1

[Event "ch-UKR w"]
[Site "Evpatoria UKR"]
[Date "2009.05.31"]
[Round "9"]
[White "Tsirulnik,Mari"]
[Black "Aslanian,L"]
[Result "1/2-1/2"]
[WhiteElo "2094"]
[BlackElo "2145"]

1.d4 Nf6 2.Nf3 e6 3.c4 Bb4+ 4.Bd2 Bxd2+ 5.Qxd2 O-O 6.Nc3 d5 7.e3 Qe7 8.cxd5 exd5
9.Bd3 Nbd7 10.O-O c6 11.Qc2 Re8 12.Nd2 Nf8 13.Rae1 Qd6 14.f3 Bd7 15.Nb3 Ne6
16.Qf2 c5 17.dxc5 Nxc5 18.Bc2 Nxb3 19.Bxb3 Qc5 20.Re2 Bc6 21.Rd1 Re7 22.Red2 Qxe3
23.Qxe3 Rxe3 24.Nxd5 Nxd5 25.Bxd5 Bxd5 26.Rxd5 Kf8 27.Kf2 Rae8 28.R1d2 g6
29.Rd7 R3e7 30.b3 Rc8 31.Rxe7 Kxe7 32.Ke3  1/2-1/2

[Event "TOP 16 Poule Basse"]
[Site "Le Port Marly FRA"]
[Date "2009.05.31"]
[Round "11"]
[White "Gozzoli,Y"]
[Black "Elbilia,J"]
[Result "1-0"]
[WhiteElo "2499"]
[BlackElo "2402"]

1.d4 Nf6 2.c4 e6 3.Nf3 Bb4+ 4.Bd2 Bxd2+ 5.Qxd2 d5 6.Nc3 O-O 7.e3 Qe7 8.cxd5 exd5
9.Bd3 c6 10.Qc2 Re8 11.O-O Ne4 12.Bxe4 dxe4 13.Nd2 f5 14.f3 exf3 15.Nxf3 Be6
16.e4 fxe4 17.Nxe4 Nd7 18.Neg5 Nf8 19.Rae1 Qf6 20.Ne4 Qh6 21.Nd6 Re7 22.Qc5 Rc7
23.Ng5 Nd7 24.Qc1 Bd5 25.Nf5  1-0

[Event "Copper State Int"]
[Site "Mesa USA"]
[Date "2009.06.02"]
[Round "8"]
[White "Adelberg,D"]
[Black "Hortillosa,A"]
[Result "1-0"]
[WhiteElo "2158"]
[BlackElo "2143"]

1.d4 Nf6 2.c4 e6 3.Nf3 Bb4+ 4.Bd2 Qe7 5.g3 Nc6 6.Bg2 Bxd2+ 7.Qxd2 Ne4 8.Qc2 Qb4+
9.Nc3 f5 10.Qb3 Qa5 11.O-O O-O 12.d5 Nc5 13.Qb5 Qxb5 14.Nxb5 Ne7 15.Nxc7 Rb8
16.dxe6 dxe6 17.Nb5 Nc6 18.Rfd1 e5 19.Nc3 Be6 20.Nd5 h6 21.b4 Nd7 22.a3 a6
23.Rac1 Kh7 24.Nc7 e4 25.Nxe6 exf3 26.Nxf8+ Nxf8 27.Bxf3 Ne5 28.Bd5 Ned7
29.c5 Nf6 30.Bf3 Ng6 31.Rd6 Ne5 32.Bg2 h5 33.Rb6 Ne4 34.Bxe4 fxe4 35.c6 Rc8
36.c7  1-0

[Event "12th IHEM"]
[Site "Hamburg GER"]
[Date "2009.06.06"]
[Round "8"]
[White "Bente,B"]
[Black "Pajeken,W"]
[Result "1/2-1/2"]
[WhiteElo "2273"]
[BlackElo "2317"]

1.d4 Nf6 2.c4 e6 3.Nf3 Bb4+ 4.Bd2 Qe7 5.a3 Bxd2+ 6.Qxd2 d6 7.Nc3 c6 8.e3 e5
9.dxe5 dxe5 10.Rd1 Bg4 11.Be2 Nbd7 12.O-O Rd8 13.h3 Be6 14.Qc2 O-O 15.Ng5 Nc5
16.b4 h6 17.Nxe6 Nxe6 18.c5 Rxd1  1/2-1/2

[Event "FSIMA June"]
[Site "Budapest HUN"]
[Date "2009.06.07"]
[Round "2"]
[White "Kahn,E"]
[Black "Galyas,M"]
[Result "1/2-1/2"]
[WhiteElo "2285"]
[BlackElo "2458"]

1.d4 Nf6 2.c4 e6 3.Nf3 Bb4+ 4.Bd2 c5 5.Bxb4 cxb4 6.g4 O-O 7.g5 Ne4 8.Rg1 b6
9.Nbd2 Bb7 10.Nxe4 Bxe4 11.e3 d6 12.Nd2 Bb7 13.Bd3 Nd7 14.Bxh7+ Kxh7 15.Qh5+ Kg8
16.Rg4 Re8 17.Rf4 g6 18.Qh6 Nf8 19.Rh4 f5 20.Qh8+ Kf7 21.Rh7+ Nxh7 22.Qxh7+ Kf8
23.Qh8+ Kf7 24.Qh7+ Kf8  1/2-1/2